| 000 | 01371cac a22003011u 4500 | ||
|---|---|---|---|
| 090 | _c4511 | ||
| 008 | 081218t 2005xxu||||| |||| 00| 0 eng d | ||
| 010 | _a 2003060360 | ||
| 020 | _a0072856599 (international ed. : text, part of pkg. 0072942827) | ||
| 020 | _a0072856599 (alk. paper) | ||
| 082 | 0 | 0 |
_a657 _bWIL |
| 100 | _aWilliams, Jan R. | ||
| 245 | 1 | 0 |
_aFinancial & managerial accounting : _bthe basis for business decisions / _cJan R. Williams, Susan F. Haka, Mark S. Bettner. |
| 246 | 3 |
_aFinancial and managerial accounting : _bthe basis for business decisions |
|
| 250 | _a13th e[d]. | ||
| 260 |
_aBoston : _bMcGraw-Hill/Irwin, _cc2005 |
||
| 300 |
_axxxii, 1168 p. : _bill. (some col.) ; _c29 cm. |
||
| 500 | _aRev. ed. of: Financial and managerial accounting / Jan R. Williams ... [et al.]. 13th ed. 2002. | ||
| 500 | _aVarious multi-media instructional tools are available to supplement the text. | ||
| 504 | _aIncludes bibliographical references and index. | ||
| 650 | 0 | _aAccounting. | |
| 700 | 1 |
_aHaka, Susan F. _q(Susan Frances) |
|
| 700 | 1 | _aBettner, Mark S. | |
| 700 | 1 | _aMeigs, Robert F. | |
| 856 | 4 | 1 |
_3Table of contents _uhttp://www.loc.gov/catdir/toc/fy044/2003060360.html |
| 942 |
_cBB _k657WIL _2ddc |
||
| 999 |
_c4511 _d4511 |
||